00752 2200265 4500001002100000005001700021008004100038020001800079035002400097082001300121090002000134100002500154245008100179250001100260260004100271300003000312500002700342650004000369850001500409980001100424985000600435999001500441999001500456999001500471YOGYA-0209000000488520090227020743.0 ind  a979-537-042-1 0010-020900000004885 a001.6424 a001.6424bWas B aWASISTO, Agung Wahyu aBelajar sendiri pengolah kata sempurna word perfect 5.1cAgung Wahyu Wasisto aCet. 4 aJakartabElex Media Komputindoc1994 avii, 197 hlmbilusc21 cm aBibliografi : hlm. 197 aWord Perfect 5.1 (Program Komputer) aYOPDYOG(B) a170505 a3 a95P0070612 a95P0070613 a95P0059823